| 000 | 00522cam a2200193ua 4500 | ||
|---|---|---|---|
| 001 | 6964 | ||
| 005 | 20260515114133.0 | ||
| 008 | 141117n ii |||gr||||Z||||||eng | ||
| 040 | _cMAIN | ||
| 041 | _aeng | ||
| 082 | _a970 | ||
| 100 |
_aHandlin, Oscar, _eAuthor. |
||
| 245 | 1 |
_aThe americans : _b New history of the people of the united states / _cBy Oscar Handlin . |
|
| 250 | _a1st. | ||
| 260 |
_aDelhi: _bSterling publishers ltd., _c1967. |
||
| 300 | _axii,434p. | ||
| 653 | _aHistory of North America | ||
| 942 | _cBK | ||
| 999 |
_c6101 _d6101 |
||